A Massive MIMO Antenna for 4G and 5G Communication / (Record no. 615937)

000 -LEADER
fixed length control field 00774nam a22001697a 4500
003 - CONTROL NUMBER IDENTIFIER
control field NUST
082 ## - DEWEY DECIMAL CLASSIFICATION NUMBER
Classification number 621.382,FAR
100 ## - MAIN ENTRY--PERSONAL NAME
Personal name Farooqi, Ahsan Ali
9 (RLIN) 132909
245 ## - TITLE STATEMENT
Title A Massive MIMO Antenna for 4G and 5G Communication /
Statement of responsibility, etc. Ahsan Ali Farooqi, Irfan Haider, Muhammad Abdullah Sohail and Ali Zain Amjad (BETE-54 / TCC-29)
260 ## - PUBLICATION, DISTRIBUTION, ETC.
Place of publication, distribution, etc. Rawalpindi
Name of publisher, distributor, etc. MCS (NUST)
Date of publication, distribution, etc. June, 2021
300 ## - PHYSICAL DESCRIPTION
Extent xiii, 75 p.;
505 ## - FORMATTED CONTENTS NOTE
Formatted contents note Introduction (Page-1), Literature Review (Page-23), Design and Development (Page-33), simulated and Measured Results of antenna System (Page-40), Future Work and Conclusion (Page-60), References (Page-62).
650 ## - SUBJECT ADDED ENTRY--TOPICAL TERM
Topical term or geographic name entry element UG Project
9 (RLIN) 131132
651 ## - SUBJECT ADDED ENTRY--GEOGRAPHIC NAME
Geographic name BETE-54 / TC-29
9 (RLIN) 132910
700 ## - ADDED ENTRY--PERSONAL NAME
Personal name Supervised by Lecturer Maryam Rasool
9 (RLIN) 132869
942 ## - ADDED ENTRY ELEMENTS (KOHA)
Source of classification or shelving scheme
Koha item type Project Report
Holdings
Withdrawn status Lost status Source of classification or shelving scheme Damaged status Not for loan Permanent Location Current Location Shelving location Date acquired Total Checkouts Full call number Barcode Date last seen Price effective from Koha item type Public note
          Military College of Signals (MCS) Military College of Signals (MCS) Reference 01/26/2026   621.382,FAR MCSPTE-301 01/26/2026 01/26/2026 Project Report Almirah No.90, Shelf No.4
© 2023 Central Library, National University of Sciences and Technology. All Rights Reserved.